| 000 | 00645nam a2200217 a 4500 | ||
|---|---|---|---|
| 001 | BRL_178 | ||
| 005 | 20190320210624.0 | ||
| 008 | 780222s1976 mx-cf#####---#001-0aspa-# | ||
| 040 |
_aDLC _cDLC _dDLC |
||
| 050 | 4 |
_aHB123.M4 _b.C63 1976 |
|
| 100 | 1 |
_aCosío Villegas, Daniel _d1898-1976 _923133 |
|
| 245 | 1 | 0 |
_aMemorias _cDaniel Cosío Villegas. |
| 260 |
_aMéxico _bJoaquin Mortiz _c1976 |
||
| 300 |
_a320 p. _bil. _c22 cm. |
||
| 440 | 0 |
_aConfrontaciones _pLos Testigos _923134 |
|
| 500 | _aAu252 | ||
| 650 | 1 | 4 |
_aEconomistas _vBiografías _zMéxico _923135 |
| 650 | 1 | 4 |
_aHistoriadores _vBiografías _zMéxico _923136 |
| 902 | _aGRL | ||
| 942 |
_2lcc _cB |
||
| 999 |
_c8991 _d8991 |
||